Trastornos cerebromotores en el niño
保存先:
| 主要な著者: | , |
|---|---|
| フォーマット: | 図書 |
| 言語: | スペイン語 |
| 出版事項: |
Buenos Aires
Médica Panamericana
1976
|
| 主題: | |
| タグ: |
タグ追加
タグなし, このレコードへの初めてのタグを付けませんか!
|
MARC
| LEADER | 00000nam a2200000 a 4500 | ||
|---|---|---|---|
| 001 | UCY9627 | ||
| 003 | CL-VaPUC | ||
| 008 | 950717e19760414AG |||||||||||||||||spa|d | ||
| 082 | 0 | 4 | |a 616.8 |b BOB |2 21 |
| 100 | 0 | |a Bobath, Karel |e author |9 342028 | |
| 700 | 0 | |a Köng, E |e author |9 342029 | |
| 245 | 1 | 0 | |a Trastornos cerebromotores en el niño |
| 300 | |a 194 p | ||
| 942 | |c BK | ||
| 945 | |d 19950717 00:00:00 |a lriquelm | ||
| 260 | |a Buenos Aires |b Médica Panamericana |c 1976 | ||
| 650 | 0 | |a Neurología |9 269802 | |
| 650 | 0 | |a Cerebro |9 307262 | |
| 650 | 7 | |a TRASTORNOS PSICOSOMATICOS |2 CL-VaPUC |9 335790 | |
| 650 | 7 | |a PSICOFISIOLOGIA |2 CL-VaPUC |9 307700 | |
| 650 | 7 | |a SISTEMAS NERVIOSOS |2 CL-VaPUC |9 342030 | |
| 650 | 7 | |a SISTEMA CEREBRAL |2 CL-VaPUC |9 342031 | |
| 650 | 0 | |a Deficiencia mental |9 334734 | |
| 650 | 7 | |a PARALISIS |2 CL-VaPUC |9 340626 | |
| 650 | 7 | |a TRASTORNOS DEL HABLA |2 CL-VaPUC |9 309440 | |
| 650 | 0 | |a Trastornos del lenguaje |9 336278 | |
| 650 | 7 | |a CIEGOS |2 CL-VaPUC |9 309876 | |
| 650 | 7 | |a ENFERMEDADES DEL OIDO |2 CL-VaPUC |9 342032 | |
| 583 | |a last modification |c 20180327 03:24:42 |k Rodrigo Vera | ||
| 999 | |c 236680 |d 236678 | ||
| 952 | |0 0 |1 0 |4 0 |6 616_800000000000000_BOB_1976 |7 0 |8 X |9 244939 |a BIBEDU |b BIBEDU |d 2019-11-18 |i 1532685 |o 616.8 BOB 1976 |p 1532685 |r 2023-01-13 |w 2019-11-18 |y BK_X |k EDU | ||